| 000 | 00920pam a2200301 a 4500 | ||
|---|---|---|---|
| 999 |
_c493 _d493 |
||
| 001 | 019492513 | ||
| 003 | UkOxU | ||
| 005 | 20190816143155.0 | ||
| 008 | 120514s2012 iau 000 0 eng d | ||
| 015 |
_aGBB246830 _2bnb |
||
| 020 | _a9781260116236 | ||
| 035 | _a(Uk)016086051 | ||
| 040 |
_aStDuBDS _beng _cStDuBDS _dUk |
||
| 041 | 0 |
_aeng _aspa |
|
| 042 | _aukblcatcopy | ||
| 082 | 0 | 4 |
_a468.2 ALO _223 |
| 100 | 1 | _aAlonso Vallecillos, Rogelio. | |
| 245 | 1 | 0 |
_aSpanish grammar drills / _cRogelio Vallecillos. |
| 250 | _a3rd ed. | ||
| 260 |
_aDubuque, Iowa : _bMcGraw-Hill Contemporary Learning ; _c2012. |
||
| 300 |
_aix, 357 pages ; _c28 cm |
||
| 500 | _aPrevious ed.: 2007. | ||
| 500 |
_aFormerly CIP. _5Uk |
||
| 650 | 0 |
_aSpanish language _vTextbooks for foreign speakers _xEnglish. |
|
| 650 | 0 |
_aSpanish language _xGrammar _vProblems, exercises, etc. |
|
| 942 |
_2ddc _cNFIC |
||